Main Series of Letters received, documents 1-2, 1823

Bibliographic Details
Corporate Author: Adam Matthew Digital (Firm) (digitiser.)
Format: eBook
Language:English
Published: Marlborough, Wiltshire : Adam Matthew Digital, 2019.
Series:AM Scholar: Empire Studies.
Subjects:
Online Access:Connect to the full text of this electronic book

MARC

Tag First Indicator Second Indicator Subfields
LEADER 00000cam a2200000Mi 4500
001 in00005485000
006 m o d
007 cr |n|---uuuuu
008 190801s2019 enk o ||| 0 eng d
005 20240917171413.0
035 |a (OCoLC)on1118992261 
040 |a UKAMD  |b eng  |c UKAMD  |d OCLCO 
035 |a (OCoLC)1118992261 
049 |a TXAM 
245 0 0 |a Main Series of Letters received, documents 1-2, 1823  |g 1823. 
264 1 |a Marlborough, Wiltshire :  |b Adam Matthew Digital,  |c 2019. 
300 |a 1 online resource. 
336 |a text  |b txt  |2 rdacontent 
337 |a computer  |b c  |2 rdamedia 
338 |a online resource  |b cr  |2 rdacarrier 
490 0 |a AM Scholar: Empire Studies. 
500 |a (4/1766, Bundle 20, 'Departmental'), 1823, includes: Judge Advocate, pp4-8 Commissariat, pp84-158. 
534 |p Reproduction of:  |t Main Series of Letters received, documents 1-2, 1823  |c 1823. 
535 1 |a State Archives and Records Authority of New South Wales 
542 |f Material sourced from the State Archives and Records Authority of New South Wales 
588 0 |a Description based on online resource (viewed on August 1, 2019). 
655 7 |a Electronic books.  |2 local 
710 2 |a Adam Matthew Digital (Firm),  |e digitiser. 
856 4 0 |u http://proxy.library.tamu.edu/login?url=https://www.amscholar.amdigital.co.uk/Documents/Details/AustralliaColonialLifeAndSettlement_Part3_Reel57_Vol1  |z Connect to the full text of this electronic book  |t 0 
955 |a Adam Matthew Scholar Empire Studies 
994 |a 92  |b TXA 
999 f f |s bd640b0b-a94a-4457-9f46-af1bca67f827  |i f603d776-e2de-4f01-b52b-d8e0cff74c76  |t 0 
952 f f |a Texas A&M University  |b College Station  |c Electronic Resources  |d Available Online  |t 0  |h Library of Congress classification 
998 f f |t 0  |l Available Online